| 000 | 00759nam a22002537a 4500 | ||
|---|---|---|---|
| 005 | 20170123162318.0 | ||
| 010 | _aA-854088 | ||
| 020 | _c100.00 | ||
| 035 | _aA-854088 | ||
| 037 | _bCen Lib/Ret | ||
| 040 |
_aDPL _bUR |
||
| 082 |
_a847 _bپ ط ر |
||
| 100 |
_aپطرس بخاری _9115838 |
||
| 245 |
_aتخلیقات پطرس / _cپطرس بخاری |
||
| 246 |
_aTakhliqat-e-patras / _bby Parras Bukhari |
||
| 260 |
_aلاہور _bمکتبہ اردو ادب _c[s.l.] |
||
| 270 | _bلاہور | ||
| 300 |
_a252p. _c21cm(Hb) |
||
| 650 |
_a ادب - اردو _9115839 |
||
| 650 |
_a اردوشاعری _9115840 |
||
| 650 |
_aLiterature -- Urdu _9115841 |
||
| 650 |
_aUrdu poetry _9115842 |
||
| 942 |
_2ddc _cUR _h847 _mپ ط ر |
||
| 999 |
_c106879 _d106879 |
||